Sänger/innen & Bands Gegenteil Quiz #2 (Hard edition) - Statistiken

Allgemein
  • Dieses Quiz wurde 54 mal gespielt
  • Das Durchschnittsergebnis liegt bei 5 aus 15
Antwortstatistiken
Hint Antwort % Korrekt
Du oder Du Ich und Ich
92%
Nette Tanten Böhse Onkelz
73%
Krokodiehl Alligatoah
71%
Prinzessin Bogenmaß Prinz Pi
40%
Staudammerwachsener Deichkind
38%
Mario Bausa
31%
Old fashioned listening Modern Talking
23%
Bleibzu Hause Farin Urlaub
21%
CK Untertan KC Rebell
21%
Blessing Curse
19%
Kung Fu Andrea Karate Andi
15%
Fahrrad Scooter
15%
Zierlich (alternativ: filigran oder hohl) Massiv
10%
Wellnesscenter Kraftklub
8%
Scharme Fler
6%
Keine übereinstimmenden Quizze gefunden
Verteilung der Resultate
Anzahl Personen mit jedem Resultat
Perzentil nach korrekt beantworteten Fragen
Ihre Resultats-Entwicklung
Sie haben dieses Quiz noch nicht gespielt